=LDR 00000nam 2200000 4500 =001 INLIS000000000010507 =005 20180123121348 =035 ##$$a 0010-061300000010507 =008 180123###########################0###### =041 ##$$a Ind =082 ##$$a 346.02 =090 ##$$a 346.02, Sat h =100 ##$$a SATRIO, J =245 1#$$a Hukum jaminan, Hak-hak jaminan pribadi penanggungan (Bongtocht) dan perikatan tanggung menanggung /$c J.Satrio,S.H =260 ##$$a Jakarta :$b Citra Aditya Bakti,$c 2003 =300 ##$$a xvi, 326 hlm ; $c 21 cm =650 ##$$a Hukum Perjanjian =850 ##$$a NBPNMAT =020 ##$$a 979-414-743-5 =084 ##$$a 346.02 Sat h =990 ##$$a 21400613/BPAP-NTB/20142014 =990 ##$$a 17221722 =990 ##$$a 10311947 =990 ##$$a 21400613/BPAP-NTB/20142014